| 000 | 00432nam a2200181Ia 4500 | ||
|---|---|---|---|
| 008 | 230524s9999 xx 000 0 und d | ||
| 020 | _a8188646652 | ||
| 082 |
_a541.3 _bBAR |
||
| 100 | _aB.R.Puri | ||
| 245 | 0 | _aPrinciples of Physical Chemistry | |
| 250 | _a5TH | ||
| 260 |
_aNEW DELHI _b Vishal _c2003 |
||
| 300 | _aXIII;845 | ||
| 500 | _aQuantity Number: 25 | ||
| 650 | _aChemistry | ||
| 700 | _a L.R.Sharma | ||
| 942 | _cBK | ||
| 999 |
_c21262 _d21262 |
||